| 000 | 01523cam a2200337 a 4500 | ||
|---|---|---|---|
| 001 | areyoureallytoos00calh | ||
| 003 | CaSfIA | ||
| 005 | 20210117185039.0 | ||
| 007 | cr|||| | ||
| 008 | 870311s1987 cau 000 0 eng | ||
| 010 | _a 87007983 | ||
| 040 |
_aDLC _cDLC _dBTCTA _dOCLCG _dCaSfIA |
||
| 020 |
_a0931892104 (pbk.) : _c$12.95 |
||
| 020 | _a9780931892103 (pbk.) | ||
| 035 | _a(OCoLC)15429214 | ||
| 050 | 0 | 0 |
_aBF311 _b.C15 1987 |
| 082 | 0 | 0 |
_a133.8 _219 |
| 100 | 1 |
_aCalhoun, Marcy, _d1940- |
|
| 245 | 1 | 0 |
_aAre you really too sensitive? : _h[electronic resource] _bhow to understand and develop your sensitivity as the strength it is / _cMarcy Calhoun. |
| 260 |
_aNevada City, CA : _bBlue Dolphin Pub., _c1987. |
||
| 300 |
_a206 p. ; _c22 cm. |
||
| 650 | 0 | _aIntuition. | |
| 856 | 4 | 1 |
_uhttp://www.archive.org/details/areyoureallytoos00calh _zFree eBook from the Internet Archive |
| 856 | 4 | 2 |
_uhttp://www.openlibrary.org/books/OL2379463M _zAdditional information and access via Open Library |
| 029 | 1 |
_aNZ1 _b4073742 |
|
| 029 | 1 |
_aAU@ _b000005272664 |
|
| 999 |
_c469723 _d469723 |
||
| 942 | _cEB | ||
| 506 | _fНеобхідна авторизація на https://archive.org/ (створення облікового запису безкоштовно) | ||
| 506 | _fНеобхідна авторизація на https://openlibrary.org/ (створення облікового запису безкоштовно) | ||